Topley and wilson's Microbiology and Microbial Infections Virology Volume 2 (Record no. 480098)

000 -LEADER
fixed length control field 00567nam a22001937a 4500
003 - CONTROL NUMBER IDENTIFIER
control field ASAB
005 - DATE AND TIME OF LATEST TRANSACTION
control field 20180827062634.0
008 - FIXED-LENGTH DATA ELEMENTS--GENERAL INFORMATION
fixed length control field 160603t xxu||||| |||| 00| 0 eng d
020 ## - INTERNATIONAL STANDARD BOOK NUMBER
International Standard Book Number 0-340-88562-9
040 ## - CATALOGING SOURCE
Transcribing agency ASAB
082 ## - DEWEY DECIMAL CLASSIFICATION NUMBER
Classification number 579
245 ## - TITLE STATEMENT
Title Topley and wilson's Microbiology and Microbial Infections Virology Volume 2
Statement of responsibility, etc. Edited by: Brian W.J. Mahy & Volker Ter Meulen
250 ## - EDITION STATEMENT
Edition statement 10th Edition
260 ## - PUBLICATION, DISTRIBUTION, ETC.
Place of publication, distribution, etc. UK
Name of publisher, distributor, etc. Edward Arnold Publishers Ltd
Date of publication, distribution, etc. 2005
300 ## - PHYSICAL DESCRIPTION
Extent xxvi, 1765 P
440 ## - SERIES STATEMENT/ADDED ENTRY--TITLE
Volume/sequential designation Volume 2
9 (RLIN) 4077
630 ## - SUBJECT ADDED ENTRY--UNIFORM TITLE
Uniform title Virology
9 (RLIN) 4078
942 ## - ADDED ENTRY ELEMENTS (KOHA)
Source of classification or shelving scheme
Koha item type Book
Holdings
Withdrawn status Lost status Source of classification or shelving scheme Damaged status Not for loan Permanent Location Current Location Date acquired Total Checkouts Total Renewals Full call number Barcode Date last seen Date last checked out Price effective from Koha item type
          Atta-ur-Rahman School of Applied Biosciences (ASAB) Atta-ur-Rahman School of Applied Biosciences (ASAB) 06/03/2016 2 1 579 MAH ASAB511 05/28/2018 11/21/2016 06/03/2016 Book
© 2023 Central Library, National University of Sciences and Technology. All Rights Reserved.